000
00309nam a2200133Ia 4500
008
150201s2008 xx 000 0 und d
082
_a
615
_b
P08P
100
_a
PANDA,UN
245
_a
HAND BOOK OF PHARMACOLOGY
250
_a
1ST
260
_b
AITBS
_a
DELHI
_c
2008
650
_a
PHARMACOLOGY
942
_2
ddc
_c
BK
_0
19
999
_c
727
_d
727